000 00354pab a2200145 454500
008 180718b1995 xxu||||| |||| 00| 0 eng d
100 _aSahay, S.
245 _aApex Court's role
_bElection Commission in disarray.
260 _c1995
300 _ap.8
362 _a29 Aug
650 _aElection officials - India
773 _aTribune
909 _a29839
999 _c29839
_d29839